000 01286nam a2200277 i 4500
001 20463
003 ES-MaACL
005 20230929062523.0
007 t|
008 021113m19631969sp d |||| | spa d
245 0 0 _aDiccionario de autoridades /
_cReal Academia Española.
246 3 5 _aDiccionario de la lengua castellana, en que se explica el verdadero sentido de las voces, su naturaleza y calidad... los proverbios o refranes...
250 _aEd. facsímil.
260 _aMadrid :
_bGredos,
_c[1963-69]
300 _a6 t. en 3 v. ;
_c25 cm.
505 8 _aContiene: I ;
_tA - C (2 t. en 1 v.) - II ;
_tD - Ñ (2 t. en 1 v.) - III ;
_tO - Z (2 t. en 1 v.)
534 _pI. Reprod. facs. de la ed. de:
_cMadrid : Imp. de Francisco del Hierro, Imp. de la RAE, 1726.
534 _pII. Reprod. facs. de la ed. de:
_cMadrid : Imp. de la Real Academia Española : por la Viuda de Francisco del Hierro, 1732.
534 _pIII. Reprod. facs. de la ed. de : Madrid : Imp. de la Real Academia Española : por los Herederos de Francisco del Hierro, 1737.
650 1 4 _aLengua española-
_vDiccionarios.
_914137
655 7 _2tgfbne
_9226495
_aFacsímiles
710 2 _aReal Academia Española
_96336
852 _aES-MaACL
_jB-4754-56
942 _2udc
999 _c20463
_d20463